Poesía completa /

Guardado en:
Autor Principal: Orozco, Olga
Otros Autores: Becci, Ana, ed., Kamenszain, Tamara, pról.
Formato: Libro
Publicado: Buenos Aires : Ah, 2014
Materias:
Etiquetas: Agregar Etiqueta
Sin Etiquetas, Sea el primero en etiquetar este registro!
LEADER 01122nam a22002775a 4500
001 CEM.cems018375
008 130507s2014##################000#0#####d
005 20220214183425.0
003 CEMS
245 1 0 |a Poesía completa /  |c Olga Orozco ; cuidado de La Edición y Cronología Ana Becciú y Prólogo de Tamara Kamenszain 
260 |a Buenos Aires :  |b Ah,  |c 2014 
300 |a 502 p. 
505 0 |a Desde lejos -- Las muertes -- Los juegos peligrosos -- Museo salvaje -- Cantos a Berenice -- Mutaciones de la realidad -- La noche a la deriva -- En el revés del cielo -- Con esta boca, en este mundo -- Ultimos poemas -- Ensayos -- Cronología 
020 |a 9789871923830 
100 1 |a Orozco, Olga 
700 1 |a Becci, Ana, ed. 
700 1 |a Kamenszain, Tamara, pról. 
082 0 4 |a A861.4 
653 |a Literatura 
653 |a Literatura argentina 
653 |a Poesías 
653 |a Poesía argentina 
653 |a Colección Juan Gelman 
653 |a Biblioteca Juan Gelman 
859 |a CEMS  |b BIB. CEMS - Agricultura  |h A861.4  |i Or68-1  |p A2289.15  |t Ej.1 
859 |a CEMS  |b BIB. CEMS - 11 de abril  |h A861.4  |i Or6-1  |p 27088.14  |t Ej.1